Bibliographies of modern authors : (Second series) /

Bibliographic Details
Main Author: Stonehill, Charles Archibald, 1900-
Other Authors: Stonehill, H. Winthrop
Format: Book
Language:English
Published: London : John Castle, [1925]
Subjects:

MARC

Tag First Indicator Second Indicator Subfields
LEADER 00000cam a2200000 4500
001 in00000030630
005 20151007062949.0
008 730215s1925 enk b 00010 eng
010 |a  72171637  
035 |a (OCoLC)00640605 
035 |9 AAD6211AM 
040 |a DLC  |c DLC  |d TXA  |d UtOrBLW 
043 |a e-uk--- 
049 |a TXAM  |c [343606] 
050 0 0 |a Z2013  |b .S75 1925 
082 0 |a 016.82/08/008 
092 |a 820  |b A1S881b 
100 1 |a Stonehill, Charles Archibald,  |d 1900- 
245 1 0 |a Bibliographies of modern authors :  |b (Second series) /  |c comp. and ed. by C. A. and H. W. Stonehill. 
264 1 |a London :  |b John Castle,  |c [1925] 
300 |a 162 pages 
336 |a text  |b txt  |2 rdacontent 
337 |a unmediated  |b n  |2 rdamedia 
338 |a volume  |b nc  |2 rdacarrier 
500 |a Limited to 750 copies, of which 730 are up for sale. Number 353. 
650 0 |a English literature  |x First editions  |v Bibliography. 
650 0 |a English literature  |y 19th century  |v Bibliography. 
700 1 |a Stonehill, H. Winthrop. 
999 |a MARS 
999 f f |s 1d547ab0-a529-3a5a-a28c-ec028acbbbd8  |i 98d4f014-d9f7-3fc7-9200-b34378769379  |t 0 
952 f f |p ric  |a Texas A&M University  |b Rellis Campus  |c Joint Library Facility  |d Remote Storage  |t 0  |e Z2013 .S75 1925  |h Library of Congress classification  |i unmediated -- volume  |m A14801266224 
952 f f |p noncirc  |a Texas A&M University  |b J.J. Pickle Campus  |c High Density Repository  |d Remote Storage  |t 0  |e Z2013 .S75 1925  |h Library of Congress classification  |i unmediated -- volume  |m A14853256214 
998 f f |a Z2013 .S75 1925  |t 0  |l Remote Storage 
998 f f |a Z2013 .S75 1925  |t 0  |l Remote Storage